Devinez le pays où coule ce fleuve - Statistiques

Statistiques générales
  • Ce quiz a été pris 106 fois
  • Le résultat moyen est 14 sur 17
Statistiques - réponses
Hint Réponse % Correct
Nil Égypte
97%
Mississippi États-Unis
97%
Seine France
97%
Amazone Brésil
96%
Sénégal Sénégal
93%
Zambèze Zambie
85%
Saint-Laurent Canada
84%
Gange Inde
84%
Volga Russie
82%
Tamise Royaume-Uni
80%
Mékong Vietnam
79%
Danube Allemagne
76%
Tibre Italie
76%
Euphrate Irak
73%
Indus Pakistan
69%
Yangtsé Chine
67%
Limpopo Mozambique
60%
Aucun quiz correspondant
Distribution des résultats
% des personnes avec chaque résultat
Percentile par nombre de réponses
Votre historique - résultats
Vous n’avez pas pris ce quiz